000 00495nam a2200217Ia 4500
003 OSt
005 20220923211738.0
006 a|||||r|||| 00| 0
007 ta
008 Pun
024 _a44,003
037 _cTextual
040 _aARTS
_cARTS
_bPun
041 _2Pun
_aPun
082 _aO157,3M61,SE, 153K2
100 _aਟੈਗੋਰ
245 0 _aਉਹ
260 _c1962
942 _hO157,3M61,SE, 153K2
_cTEXL
_2CC
999 _c303104
_d303104